000 00821am a2200313a 44500
003 AR-BaBNM
005 20251128203354.0
008 307019s1968 #AR|||||||||||000 | spa||
040 _cAR-BaBNM
100 0 _aHesíodo
245 1 0 _aTeogonía
_b; Los trabajos y los días ; El escudo
260 _aBuenos Aires
_bCentro Editor de América Latina
_c1968
300 _a109 p.
490 0 _aLetra firme
650 4 _aLITERATURA GRIEGA
650 4 _aCOSMOLOGIA
650 4 _aMITOLOGIA
650 4 _aRELIGIONES ANTIGUAS
650 4 _aARTE ANTIGUO
650 4 _aPOESIA
650 4 _aLITERATURA FOLKLORICA
650 4 _aTRADICION ORAL
655 _aLITERATURA
700 1 _aCaputo, Roque Vicente
_etraductor
740 0 _aLos trabajos y los días
740 0 _aEl escudo
942 _cBK
998 _cMARTIN
999 _c3083
_d3083